Comentarios a la Ley de Rǧimen Jurd̕ico de las Administraciones Pb︢licas y del Procedimiento Administrativo Comn︢

Detalles Bibliográficos
Autores Corporativos: Espaą. Direccin̤ General de la Funcin̤ Pb︢lica, Espaą, Madrid (Comunidad autn̤oma). Consejera̕ de Hacienda
Formato: Desconocido
Lenguaje:español
Publicado: [Madrid] : vLex, 2009
Materias:
Acceso en línea:Acceso restringido

MARC

LEADER 00000ny a22000003n 4500
005 20110615120951.0
008 020918s1993 sp |||||| o00| ||spa|c
017 |a DL M. 26770-1993 
020 |a 9788445106969 
035 |a 3305 
040 |d vLex 
080 |a 351.95 
090 |c 700  |d 700 
245 0 0 |a Comentarios a la Ley de Rǧimen Jurd̕ico de las Administraciones Pb︢licas y del Procedimiento Administrativo Comn︢  |h [Recurso electrn̤ico]  |c Carlos Vz̀quez Iruzubieta 
256 |a Servicio en ln̕ea. 
260 |a [Madrid] :  |b vLex,  |c 2009 
300 |a 280 p. ;  |c 24 cm 
506 1 |a Contenido solo disponible en los productos indicados  |d vLex Global  |d vLex Global (Academic Edition, excluding Law Schools)  |d vLex Global (U.S. Academic Edition, Law Schools)  |d vLex Global (U.S. Academic Edition, excluding Law Schools)  |d vLex Global (Academic Edition, Law Schools) 
650 0 7 |a Derecho administrativo  |2 Tesauro vLex 
650 0 7 |a Procedimiento administrativo  |2 Tesauro vLex 
650 0 7 |a Administrativo  |2 Tesauro vLex 
650 0 7 |a Procesal  |2 Tesauro vLex 
650 0 7 |a Administracin̤ publica  |2 Tesauro vLex 
710 1 |a Espaą.  |b Direccin̤ General de la Funcin̤ Pb︢lica 
710 1 |a Espaą.  |t Ley de rǧimen jurd̕ico de las administraciones pb︢licas y del procedimiento administrativo comn︢ (1992) 
710 1 |a Madrid (Comunidad autn̤oma).  |b Consejera̕ de Hacienda 
740 0 |a vLex Libros (Servicios en ln̕ea) 
856 4 0 |u http://vlex.com/source/3305  |z Acceso restringido 
942 |c BOOK 
999 0 |a Administrative Law   |b Madrid